Tìm hiểu các ngành luật Việt Nam Về luật bầu cử đại biểu Quốc hội và những văn bản hướng dẫn thi hành ( có hiệu lực từ ngày 17-4-1997)
Wedi'i Gadw mewn:
| Prif Awdur: | |
|---|---|
| Fformat: | Llyfr |
| Iaith: | Undetermined |
| Cyhoeddwyd: |
Tp. HCM
Nxb. Tp. HCM
1997
|
| Pynciau: | |
| Tagiau: |
Ychwanegu Tag
Dim Tagiau, Byddwch y cyntaf i dagio'r cofnod hwn!
|
| Thư viện lưu trữ: | Trung tâm Học liệu Trường Đại học Cần Thơ |
|---|
| LEADER | 00674nam a2200181Ia 4500 | ||
|---|---|---|---|
| 001 | CTU_19501 | ||
| 008 | 210402s9999 xx 000 0 und d | ||
| 082 | |a 352.2 | ||
| 082 | |b H561 | ||
| 100 | |a Đinh Mai Hương | ||
| 245 | 0 | |a Tìm hiểu các ngành luật Việt Nam | |
| 245 | 0 | |b Về luật bầu cử đại biểu Quốc hội và những văn bản hướng dẫn thi hành ( có hiệu lực từ ngày 17-4-1997) | |
| 245 | 0 | |c Đinh Mai Hương | |
| 260 | |a Tp. HCM | ||
| 260 | |b Nxb. Tp. HCM | ||
| 260 | |c 1997 | ||
| 650 | |a constitutions, state - vietnam | ||
| 980 | |a Trung tâm Học liệu Trường Đại học Cần Thơ | ||